00593nam a2200145 a 4500008004100000050001500041245006500056246002600121260003400147350000900181650001500190995010200205999001700307952012300324120416s1984 xx |||||||||||||| || u aBF 431 Min10aMinds, machines and evolutioncedited by Christopher Hookway aphilosophical studies abCambridge Univ. Pressc1984 a0.00 3aPSYCHOLOGY D0.00FCBU-MAIN LIBRARY (Kitwe)H1I22.50M1UAVAILABLEWMay 15, 2006ZAnnex Low-Usage Collection  c51254d51254 00102lcc4070a001b001cAnnex Low-Usage Collection d2022-11-30l0oBF 431 Minp001274r2022-11-30w2022-11-30y002